[Event "World Youth Open U14 2016"]
[Site "Khanty-Mansiysk RUS"]
[Date "2016.09.30"]
[Round "8.6"]
[White "Davtyan, Artur"]
[Black "Sam, Gabriel"]
[Result "1-0"]
[WhiteTitle "FM"]
[WhiteElo "2280"]
[BlackElo "2069"]
[WhiteFideId "13308327"]
[BlackFideId "75000776"]
[EventDate "2016.09.22"]

1. d4 Nf6 2. c4 e6 3. Nc3 Bb4 4. e3 O-O 5. Bd3 d5 6. Ne2 Nbd7 7. a3 Be7 8. O-O
dxc4 9. Bxc4 c5 10. Ba2 b6 11. e4 cxd4 12. Nxd4 Bb7 13. f3 Ne5 14. Be3 Nc6 15.
Nxc6 Bxc6 16. Qe2 Qc7 17. Bc4 Rac8 18. Rac1 Bb7 19. Bd3 Bc5 20. Nb5 Qe5 21. Nxa7
Bxe3+ 22. Qxe3 Nd5 23. Qd2 Rxc1 24. Rxc1 Nf4 25. Bf1 Qg5 26. Kh1 f5 27. Rc7 Ba8
28. Rc8 Rxc8 29. Nxc8 fxe4 30. Qd7 h5 31. Qe8+ Kh7 32. Ne7 Qf6 33. Qxa8 1-0

[Event "World Youth Open U14 2016"]
[Site "Khanty-Mansiysk RUS"]
[Date "2016.09.30"]
[Round "8.7"]
[White "Iniyan, P"]
[Black "Golikov, Daniil"]
[Result "1-0"]
[WhiteElo "2368"]
[BlackElo "2114"]
[WhiteFideId "25002767"]
[BlackFideId "24170623"]
[EventDate "2016.09.22"]

1. d4 d5 2. c4 c6 3. Nc3 Nf6 4. Nf3 e6 5. cxd5 exd5 6. Bg5 Be7 7. Qc2 g6 8. e3
Bf5 9. Bd3 Bxd3 10. Qxd3 O-O 11. O-O Nbd7 12. Rfe1 Ne4 13. Bf4 Ndf6 14. Ne5 Kg7
15. h3 Nxc3 16. bxc3 Re8 17. Rab1 Qc8 18. c4 b6 19. Rec1 Qb7 20. cxd5 cxd5 21.
Nxf7 Rec8 22. Nd6 Rxc1+ 23. Rxc1 Bxd6 24. Bxd6 Rc8 25. Rxc8 Qxc8 26. Qa3 Qd7 27.
Be5 a5 28. Bxf6+ Kxf6 29. Qf8+ Qf7 30. Qd8+ Kg7 31. Qxb6 a4 32. Qc6 a3 33. Qc5
Qf5 34. Qxa3 Qc2 35. Qe7+ Kh6 36. Qf8+ 1-0

[Event "World Youth Open U14 2016"]
[Site "Khanty-Mansiysk RUS"]
[Date "2016.09.30"]
[Round "8.8"]
[White "Peng, Hongchi"]
[Black "Ibrahimli, Murad"]
[Result "1/2-1/2"]
[WhiteElo "2241"]
[BlackElo "2203"]
[WhiteFideId "8609047"]
[BlackFideId "13410229"]
[EventDate "2016.09.22"]

1. e4 c5 2. Nf3 d6 3. d4 cxd4 4. Nxd4 Nf6 5. Nc3 a6 6. Bg5 e6 7. f4 Qc7 8. Qf3
b5 9. O-O-O Bb7 10. Bd3 Nbd7 11. Rhe1 Be7 12. Nd5 exd5 13. exd5 Kf8 14. Nf5 Bd8
15. Nxg7 h6 16. Bxf6 Nxf6 17. Nf5 Bxd5 18. Qg3 Rg8 19. Qh3 h5 20. g4 Nxg4 21.
Qxh5 Bf6 22. h3 Bf3 23. hxg4 Rh8 24. Nh6 Bg7 25. Rd2 Rxh6 26. Qg5 Qd8 27. Rf2
Bc6 28. Qf5 Qf6 29. Qxf6 Rxf6 30. g5 Re6 31. Ref1 Re3 32. Rh2 Rg3 33. f5 Be5 34.
Rh5 Bf3 35. Rxf3 Rxf3 36. f6 Bf4+ 37. Kb1 1/2-1/2

[Event "World Youth Open U14 2016"]
[Site "Khanty-Mansiysk RUS"]
[Date "2016.09.30"]
[Round "8.9"]
[White "Pitzanti, Matteo"]
[Black "Remizov, Yaroslav"]
[Result "0-1"]
[WhiteElo "2175"]
[BlackElo "2218"]
[WhiteFideId "890693"]
[BlackFideId "34134015"]
[EventDate "2016.09.22"]

1. e4 d6 2. d4 Nf6 3. Nc3 Nbd7 4. Nf3 e5 5. g4 Nxg4 6. Rg1 Ngf6 7. Be3 g6 8. Qd2
Bg7 9. dxe5 Nxe5 10. Nxe5 dxe5 11. Qxd8+ Kxd8 12. O-O-O+ Bd7 13. Bh3 Kc8 14.
Rxd7 Nxd7 15. Rd1 Rd8 16. Bc5 Bh6+ 17. Kb1 Bg5 18. Nd5 c6 19. Nb6+ axb6 20. Bxb6
f5 21. Bxd8 Kxd8 22. exf5 Ke8 23. fxg6 Nf6 24. Rg1 Rd8 25. gxh7 Nxh7 26. Bf5 Nf8
27. a4 Bf6 28. Bd3 Rd4 29. a5 Ra4 30. a6 bxa6 31. f3 Rf4 32. Be4 Kd7 33. Rd1+
Kc7 34. Rd3 Ne6 35. Rc3 Nd4 36. Rc4 a5 37. Rc3 Kb6 38. Rd3 Rh4 39. c3 Nb5 40.
Rd2 Bg5 41. Rg2 Bf4 42. Rg8 Rxh2 43. Rb8+ Kc5 44. Rc8 Rh6 45. Kc2 a4 46. Kd3
Rd6+ 47. Kc2 a3 48. bxa3 Nxa3+ 49. Kb3 Nc4 50. Kc2 Rd2+ 51. Kb1 Rb2+ 52. Ka1 Rb6
53. Ra8 Bd2 54. Re8 Bxc3+ 55. Ka2 Rb2+ 56. Ka1 Rb8+ 0-1

[Event "World Youth Open U14 2016"]
[Site "Khanty-Mansiysk RUS"]
[Date "2016.09.30"]
[Round "8.10"]
[White "Pavlov, Danila"]
[Black "Quirhuayo Chumbe, German Gonzalo"]
[Result "1/2-1/2"]
[BlackTitle "FM"]
[WhiteElo "2157"]
[BlackElo "2255"]
[WhiteFideId "34126594"]
[BlackFideId "3813509"]
[EventDate "2016.09.22"]

1. e4 c5 2. Nf3 Nc6 3. d4 cxd4 4. Nxd4 e5 5. Nb5 d6 6. c4 Be7 7. N1c3 a6 8. Na3
f5 9. exf5 Bxf5 10. Be2 Nf6 11. O-O O-O 12. Nc2 Qd7 13. Ne3 Be6 14. Ned5 Rae8
15. Be3 Bd8 16. Qd2 Ba5 17. Nxf6+ gxf6 18. Rfd1 Rd8 19. a3 Bxc3 20. Qxc3 Qf7 21.
Rd2 Ne7 22. Rad1 d5 23. cxd5 Nxd5 24. Qa5 Nxe3 25. Rxd8 Nxd1 26. Bxd1 Rxd8 27.
Qxd8+ Qf8 28. Qb6 Bd5 29. h3 Qe7 30. Bg4 Bc6 31. Bc8 Kg7 32. Kh2 Qf7 33. Bf5 Qe7
34. h4 Qd6 35. Qe3 Bd7 36. Bc2 b6 37. Qf3 f5 38. Qc3 Qf6 39. Kg1 Qxh4 40. Qxe5+
Qf6 41. Qc7 Qe6 42. Bd3 b5 43. b4 Qe1+ 44. Kh2 Qe6 45. g3 Kf7 46. Bf1 Ke7 47.
Bg2 Qd6 48. Qc3 Qh6+ 49. Kg1 Qf6 50. Qxf6+ Kxf6 51. f4 Ke6 52. Kf2 Kd6 53. Ke3
Bc6 54. Bh3 Bd7 55. Kd4 Be6 56. Bg2 Bc8 57. Bd5 h6 58. Bf3 Bd7 59. Bb7 Kc7 60.
Bd5 Kd6 1/2-1/2

[Event "World Youth Open U14 2016"]
[Site "Khanty-Mansiysk RUS"]
[Date "2016.09.30"]
[Round "8.11"]
[White "Hua, Eugene"]
[Black "Sargsyan, Shant"]
[Result "0-1"]
[WhiteTitle "CM"]
[BlackTitle "CM"]
[WhiteElo "2142"]
[BlackElo "2440"]
[WhiteFideId "2618150"]
[BlackFideId "13306766"]
[EventDate "2016.09.22"]

1. c4 e6 2. g3 d5 3. Nf3 dxc4 4. Qc2 a6 5. a4 Nc6 6. Bg2 Na5 7. Na3 Qd5 8. O-O
Nf6 9. Rd1 Bd6 10. d3 cxd3 11. Rxd3 Qh5 12. Bg5 O-O 13. Qc3 Nc6 14. Bxf6 gxf6
15. Qxf6 e5 16. Rxd6 cxd6 17. Nh4 Nd4 18. Nc4 Nf5 19. Nxf5 Qxf5 20. Qxd6 Be6 21.
Ne3 Qf6 22. Nd5 Qg7 23. Ne7+ Kh8 24. Nd5 Kg8 25. Qe7 Kh8 26. Nc7 Rad8 27. Nxe6
fxe6 28. Qxg7+ Kxg7 29. Bxb7 a5 30. Ba6 Rd2 31. Rc1 Rxb2 32. Rc6 Kf6 33. Bc4 Re8
34. Ra6 Rbb8 35. Bb5 Ra8 36. Rc6 Rec8 37. Rb6 Ra7 38. Kg2 e4 39. g4 Ke5 40. Bc6
Kd4 41. Bb5 Kd5 42. Kg3 Rc3+ 43. Kg2 Rg7 44. f3 h5 45. fxe4+ Ke5 46. Bd3 Rxg4+
47. Kf3 Rf4+ 48. Ke3 Rxe4+ 49. Kd2 Rb4 50. Ra6 Rc5 51. Bb5 Rh4 52. Rxa5 Rxh2 53.
Ra8 h4 54. Rh8 Kf4 55. Rf8+ Kg3 56. Bd3 h3 57. Ke3 Re5+ 58. Kd4 Rg5 59. Ke3 Rg2
60. Rh8 h2 61. Be4 Rg1 62. Kd4 Rg4 63. Ke5 Rxe4+ 64. Kxe4 h1=Q+ 0-1

[Event "World Youth Open U14 2016"]
[Site "Khanty-Mansiysk RUS"]
[Date "2016.09.30"]
[Round "8.13"]
[White "Bharambe, Bhavik C"]
[Black "Semjonovs, Ilja"]
[Result "1/2-1/2"]
[WhiteElo "2104"]
[BlackElo "2245"]
[WhiteFideId "25019244"]
[BlackFideId "11604263"]
[EventDate "2016.09.22"]

1. d4 Nf6 2. Nf3 c5 3. e3 cxd4 4. exd4 g6 5. Bd3 Bg7 6. O-O O-O 7. Re1 b6 8. c3
Bb7 9. Bf4 d6 10. Nbd2 Nbd7 11. Qb3 d5 12. h3 Re8 13. a4 a6 14. Qa3 Bf8 15. Qb3
Bg7 16. Re2 Qc8 17. Ne5 Nxe5 18. Bxe5 Nd7 19. Bxg7 Kxg7 20. Nf3 Qc7 21. Rae1 e6
22. h4 Bc6 23. h5 Qf4 24. Qc2 Qf6 25. Re3 b5 26. Nh2 Qg5 27. Rh3 e5 28. hxg6
hxg6 29. Rg3 Qh6 30. Ng4 Qf4 31. Nxe5 Nxe5 32. dxe5 Rxe5 33. Rxe5 Qxe5 34. Bxg6
Qe1+ 35. Kh2 Rh8+ 36. Bh5+ Kf8 37. Qf5 Qe6 38. Qg5 Qh6 39. Qd8+ Be8 40. Rg5 Qe6
41. Qxd5 Qxd5 42. Rxd5 bxa4 43. g4 Rh6 44. Kg3 Rb6 45. Rd2 Rb3 46. Kh4 a3 47.
bxa3 Rxc3 48. Ra2 a5 49. f4 Bc6 1/2-1/2

[Event "World Youth Open U14 2016"]
[Site "Khanty-Mansiysk RUS"]
[Date "2016.09.30"]
[Round "8.14"]
[White "Ismagilov, Damir"]
[Black "Zhalmakhanov, Ramazan"]
[Result "0-1"]
[WhiteElo "1927"]
[BlackElo "2211"]
[WhiteFideId "34199982"]
[BlackFideId "13706357"]
[EventDate "2016.09.22"]

1. e4 c5 2. Nf3 d6 3. c3 Nf6 4. Be2 Bd7 5. d3 g6 6. O-O Bg7 7. Re1 O-O 8. Rf1
Nc6 9. h3 e5 10. Bg5 h6 11. Bh4 Qb6 12. Qc1 Nh5 13. Nbd2 f5 14. Nc4 Qc7 15. exf5
gxf5 16. Qd1 Nf6 17. Ne3 Ne7 18. Rc1 b5 19. d4 e4 20. dxc5 dxc5 21. Nd2 Kh8 22.
Nb3 Be6 23. Bxb5 Rad8 24. Qe2 Ng6 25. Bxf6 Rxf6 26. Rfd1 Rg8 27. Qf1 Nh4 28. Nd2
Rg6 29. Bc4 Bxc4 30. Qxc4 Nxg2 31. Nxg2 Be5 32. Kf1 Rxg2 33. Qe6 Bf4 34. Qxf5 e3
35. Qf6+ R8g7 36. Nf3 exf2 37. Rd5 Bxc1 0-1

[Event "World Youth Open U14 2016"]
[Site "Khanty-Mansiysk RUS"]
[Date "2016.09.30"]
[Round "8.15"]
[White "Tomasi, Albert"]
[Black "Marchuk, Rostislav"]
[Result "1-0"]
[WhiteElo "2200"]
[BlackElo "2054"]
[WhiteFideId "26063620"]
[BlackFideId "34126195"]
[EventDate "2016.09.22"]

1. e4 d6 2. d4 Nf6 3. Nc3 e5 4. Nf3 Nbd7 5. Bc4 Be7 6. O-O O-O 7. Re1 c6 8. a4
a5 9. h3 exd4 10. Nxd4 Nc5 11. Bf4 Nfd7 12. Nf5 Ne5 13. Nxe7+ Qxe7 14. Bf1 Bd7
15. Bg3 Rad8 16. f4 Ng6 17. Qf3 Qf6 18. Rad1 Bc8 19. Qf2 b6 20. Rd2 Qe7 21. Bc4
Be6 22. Be2 Bc8 23. Bf3 Rfe8 24. Red1 Qc7 25. h4 f5 26. exf5 Bxf5 27. h5 Nf8 28.
Bh4 Rd7 29. g4 Be4 30. Re2 d5 31. Bxe4 dxe4 32. Rde1 Nfe6 33. Nxe4 Nxf4 34. Nf6+
gxf6 35. Rxe8+ Kf7 36. Kf1 Nce6 37. R8xe6 1-0

[Event "World Youth Open U14 2016"]
[Site "Khanty-Mansiysk RUS"]
[Date "2016.09.30"]
[Round "8.16"]
[White "Roseneck, Jonas"]
[Black "Thilakarathne, G M H"]
[Result "1/2-1/2"]
[BlackTitle "CM"]
[WhiteElo "2178"]
[BlackElo "2028"]
[WhiteFideId "12939870"]
[BlackFideId "9912053"]
[EventDate "2016.09.22"]

1. e4 c5 2. Nf3 d6 3. d4 cxd4 4. Nxd4 Nf6 5. Nc3 a6 6. Qf3 g6 7. h3 Bg7 8. Be3
O-O 9. O-O-O Bd7 10. g4 Nc6 11. Qg2 Rc8 12. f4 Nxd4 13. Bxd4 Qa5 14. Qg1 Qc7 15.
Rh2 Bc6 16. Bb6 Qb8 17. Re2 Nd7 18. Bd4 e5 19. Be3 exf4 20. Bxf4 Ne5 21. Qg3 b5
22. Red2 b4 23. Nd5 Bxd5 24. Rxd5 Rc6 25. Qb3 Rfc8 26. Kb1 Qc7 27. Bd3 a5 28.
Qa4 Rc5 29. Ba6 Rd8 30. Bg5 Rxd5 31. Rxd5 Ra8 32. Be2 h6 33. Be3 Nc4 34. Bxc4
Qxc4 35. Rxd6 Qf1+ 36. Bc1 Be5 37. Qc6 Bf4 1/2-1/2

[Event "World Youth Open U14 2016"]
[Site "Khanty-Mansiysk RUS"]
[Date "2016.09.30"]
[Round "8.17"]
[White "Ivic, Velimir"]
[Black "Fomin, Maxim"]
[Result "1-0"]
[WhiteTitle "FM"]
[WhiteElo "2264"]
[BlackElo "1941"]
[WhiteFideId "950122"]
[BlackFideId "14137771"]
[EventDate "2016.09.22"]

1. e4 e6 2. d4 d5 3. Nd2 Nf6 4. e5 Nfd7 5. f4 c5 6. Ngf3 Nc6 7. Nb3 cxd4 8.
Nbxd4 Bc5 9. c3 Nxd4 10. cxd4 Bb4+ 11. Bd2 Qb6 12. Bd3 Bxd2+ 13. Qxd2 Nb8 14.
O-O Nc6 15. Qf2 Bd7 16. Rad1 Nb4 17. Bb1 Bb5 18. Rfe1 Rc8 19. f5 h6 20. Qg3 Kf8
21. fxe6 Qxe6 22. Nh4 g6 23. Bxg6 fxg6 24. Nxg6+ Kf7 25. Rf1+ Bxf1 26. Rxf1+ Ke8
27. Nxh8 Nxa2 28. Nf7 Rc1 29. Nd6+ Ke7 30. Qg7+ Kd8 31. Nxb7+ Ke8 32. Nd6+ Kd8
33. Qxa7 Rxf1+ 34. Kxf1 Qg6 35. Qb8+ Ke7 36. Qc7+ Kf8 37. Qd8+ Kg7 38. Qe7+ Kg8
39. Qe8+ Qxe8 40. Nxe8 Nb4 41. Nf6+ Kf7 42. Ke2 Ke6 43. Kd2 Nc6 44. Kc3 1-0

[Event "World Youth Open U14 2016"]
[Site "Khanty-Mansiysk RUS"]
[Date "2016.09.30"]
[Round "8.18"]
[White "Miyasaka, Marcus M"]
[Black "Piyumantha, M Sasith Nipun"]
[Result "1/2-1/2"]
[WhiteTitle "FM"]
[BlackTitle "FM"]
[WhiteElo "2269"]
[BlackElo "2017"]
[WhiteFideId "2073102"]
[BlackFideId "9916148"]
[EventDate "2016.09.22"]

1. e4 c5 2. Nf3 g6 3. d4 cxd4 4. Nxd4 Nc6 5. c4 Bg7 6. Nc2 Nf6 7. Nc3 d6 8. Be2
O-O 9. O-O Be6 10. Rb1 Nd7 11. Bd2 f5 12. exf5 Bxf5 13. Bg4 Nde5 14. Bxf5 gxf5
15. Qe2 f4 16. f3 Kh8 17. Kh1 Ng6 18. Nd5 e5 19. Be1 Rf5 20. Rd1 Rh5 21. c5 Nd4 1/2-1/2

[Event "World Youth Open U14 2016"]
[Site "Khanty-Mansiysk RUS"]
[Date "2016.09.30"]
[Round "8.19"]
[White "Olsen, Filip Boe"]
[Black "Nanayakkara, J A K Saranath"]
[Result "1-0"]
[WhiteTitle "FM"]
[WhiteElo "2241"]
[BlackElo "1923"]
[WhiteFideId "1440640"]
[BlackFideId "9924906"]
[EventDate "2016.09.22"]

1. d4 d5 2. c4 e6 3. Nc3 Be7 4. cxd5 exd5 5. Bf4 c6 6. e3 Bf5 7. g4 Be6 8. Bd3
h5 9. gxh5 Bd6 10. Nge2 Bg4 11. Qb3 b6 12. Rg1 Nf6 13. Be5 Bxe5 14. dxe5 Nfd7
15. Rxg4 Nxe5 16. Bf5 Nxg4 17. Bxg4 Qg5 18. h3 Nd7 19. Qa4 Ne5 20. O-O-O b5 21.
Qa6 O-O 22. f4 Qh6 23. fxe5 Qxe3+ 24. Kb1 f5 25. exf6 Rxf6 26. Nd4 Raf8 27. Nxc6
Qc5 28. Nxd5 Rf1 29. Nce7+ Kh7 30. Qg6+ Kh8 31. h6 Qd4 32. hxg7+ Qxg7 33. Qh5+
Qh7+ 34. Ng6+ Kg7 35. Qxh7+ Kxh7 36. Nxf8+ Rxf8 37. Nc7 b4 1-0

[Event "World Youth Open U14 2016"]
[Site "Khanty-Mansiysk RUS"]
[Date "2016.09.30"]
[Round "8.20"]
[White "Haring, Filip"]
[Black "Zhou, Junfeng"]
[Result "0-1"]
[WhiteElo "2099"]
[BlackElo "2125"]
[WhiteFideId "14933080"]
[BlackFideId "8615330"]
[EventDate "2016.09.22"]

1. e4 c5 2. Nf3 d6 3. d4 cxd4 4. Nxd4 Nf6 5. Nc3 Nc6 6. Bg5 e6 7. Qd2 a6 8.
O-O-O Bd7 9. f4 b5 10. Bxf6 gxf6 11. f5 h5 12. Qe1 Nxd4 13. Rxd4 Bh6+ 14. Kb1
Bf4 15. Rd3 Be5 16. Be2 b4 17. Nd1 Qb6 18. Rf1 Ke7 19. Ne3 Bb5 20. Rb3 a5 21.
Bc4 Rhc8 22. Qf2 Bxc4 23. Nd5+ exd5 24. Qxb6 Bxf1 25. exd5 Bxg2 26. Qb7+ Kf8 27.
Re3 h4 28. Qd7 h3 29. Qb7 Kg7 30. Qb5 Rc5 31. Qe2 Rac8 32. Qg4+ Kf8 33. Re2 Rxd5
34. Re1 Rdc5 35. Re2 Bxh2 36. Qh5 Be5 37. Qh8+ Ke7 38. Qh6 Rxc2 39. Rxc2 Be4 40.
Qxh3 Rxc2 0-1

[Event "World Youth Open U14 2016"]
[Site "Khanty-Mansiysk RUS"]
[Date "2016.09.30"]
[Round "8.21"]
[White "Yeritsyan, Aram"]
[Black "Araoz Andrade, Ivan Alexander"]
[Result "1-0"]
[WhiteElo "2117"]
[BlackElo "1746"]
[WhiteFideId "34161047"]
[BlackFideId "3825299"]
[EventDate "2016.09.22"]

1. e4 e5 2. Nf3 Nc6 3. Bb5 a6 4. Ba4 Nf6 5. d3 b5 6. Bb3 Be7 7. a4 Rb8 8. axb5
axb5 9. Nc3 d6 10. O-O O-O 11. Be3 Bg4 12. Nd5 Qd7 13. c3 h6 14. Ra6 Rfe8 15. h3
Be6 16. Qa1 Kh7 17. c4 Bxd5 18. cxd5 Nb4 19. Ra7 Nxd3 20. Qb1 Nxe4 21. Bc2 Kg8
22. Bxd3 Nf6 23. Bf5 Qd8 24. Rd1 Bf8 25. Qc1 Re7 26. Bb1 Ra8 27. Rb7 Rb8 28.
Rxb8 Qxb8 29. Qc6 g6 30. Nd2 e4 31. Bd4 Bg7 32. b4 Ng4 33. Bxg7 Nxf2 34. Kxf2
e3+ 35. Kf3 Kxg7 36. Ne4 f5 37. Qc3+ Re5 38. Ng3 Qe8 39. Bd3 f4 40. Ne4 1-0

[Event "World Youth Open U14 2016"]
[Site "Khanty-Mansiysk RUS"]
[Date "2016.09.30"]
[Round "8.22"]
[White "Juksta, Karolis"]
[Black "Gunduz, Umut Erdem"]
[Result "1-0"]
[WhiteElo "2046"]
[BlackElo "2109"]
[WhiteFideId "12809039"]
[BlackFideId "6381383"]
[EventDate "2016.09.22"]

1. d4 Nf6 2. c4 c5 3. d5 e6 4. Nc3 exd5 5. cxd5 d6 6. e4 g6 7. f4 Bg7 8. e5 dxe5
9. fxe5 Ng4 10. e6 Ne5 11. Bb5+ Kf8 12. Nf3 a6 13. Bg5 Nxf3+ 14. Qxf3 f6 15. Be2
Kg8 16. O-O h5 17. Ne4 fxg5 18. Qf7+ Kh7 19. e7 1-0

[Event "World Youth Open U14 2016"]
[Site "Khanty-Mansiysk RUS"]
[Date "2016.09.30"]
[Round "8.23"]
[White "Oboladze, Luka"]
[Black "Nielsen, Andre"]
[Result "0-1"]
[WhiteElo "2083"]
[BlackElo "2025"]
[WhiteFideId "13608207"]
[BlackFideId "1518240"]
[EventDate "2016.09.22"]

1. e4 e5 2. Nc3 Nf6 3. g3 Nc6 4. Bg2 Bc5 5. Nge2 d6 6. O-O h5 7. Na4 h4 8. Nxc5
dxc5 9. d3 hxg3 10. hxg3 Be6 11. Bg5 Qd7 12. Bxf6 gxf6 13. f4 Bg4 14. Qd2 O-O-O
15. Nc3 Bh3 16. Nd5 Rdg8 17. Rf3 Nd4 18. Re3 Rh6 19. c3 c6 20. cxd4 cxd4 21. Rf3
cxd5 22. fxe5 Bxg2 23. Qxg2 fxe5 24. Raf1 Rg7 25. exd5 Rhg6 26. Kh2 Qxd5 27.
Qh3+ Kb8 28. Qh4 Rg4 29. Qh3 a6 30. b3 Ka7 31. Qg2 f5 32. Qf2 f4 0-1

[Event "World Youth Open U14 2016"]
[Site "Khanty-Mansiysk RUS"]
[Date "2016.09.30"]
[Round "8.24"]
[White "Kizatbay, Abyl"]
[Black "Skalsky, Alexandr"]
[Result "1-0"]
[WhiteElo "1892"]
[BlackElo "2085"]
[WhiteFideId "1521853"]
[BlackFideId "381799"]
[EventDate "2016.09.22"]

1. e4 c5 2. Nf3 d6 3. d4 cxd4 4. Nxd4 Nf6 5. Nc3 a6 6. Be2 e5 7. Nb3 Be7 8. Bg5
Be6 9. Bxf6 Bxf6 10. Qd3 O-O 11. O-O-O Be7 12. g3 Nd7 13. f4 b5 14. f5 Bc4 15.
Qf3 Qb8 16. h4 Rc8 17. Nd2 Bxe2 18. Qxe2 Bd8 19. Nd5 Nb6 20. g4 Nxd5 21. exd5
Qb6 22. Nb3 a5 23. Kb1 a4 24. Nd2 Qa5 25. Qd3 Rc5 26. Nf3 Be7 27. c3 b4 28. cxb4
Qxb4 1-0

[Event "World Youth Open U14 2016"]
[Site "Khanty-Mansiysk RUS"]
[Date "2016.09.30"]
[Round "8.25"]
[White "Piccoli, Lucas Fonseca"]
[Black "Ganerdene, Sugar"]
[Result "0-1"]
[WhiteElo "1816"]
[BlackElo "2056"]
[WhiteFideId "2190788"]
[BlackFideId "4902980"]
[EventDate "2016.09.22"]

1. c4 Nf6 2. Nc3 g6 3. g3 Bg7 4. Bg2 O-O 5. e4 d6 6. Nge2 c5 7. O-O Na6 8. d3
Nc7 9. h3 Rb8 10. a4 Na6 11. Be3 Nb4 12. d4 cxd4 13. Nxd4 Bd7 14. Qd2 a6 15. Kh2
Nc6 16. b3 Rc8 17. f4 Kh8 18. Rac1 Qa5 19. Rfd1 Qh5 20. Nxc6 bxc6 21. h4 Ng4+
22. Kg1 Nxe3 23. Qxe3 Bg4 24. Rd2 Rb8 25. Nd1 Qa5 26. Rd3 Be6 27. Nf2 Rfd8 28.
Rcd1 Qc7 29. g4 Bc8 30. f5 e6 31. Qf3 Qe7 32. g5 exf5 33. exf5 Bxf5 34. Re3 Qa7
35. Rde1 Qc7 36. h5 d5 37. hxg6 fxg6 38. Qg3 Qxg3 39. Rxg3 Bd4 40. Re2 Re8 41.
cxd5 cxd5 42. Bxd5 Rxe2 0-1

[Event "World Youth Open U14 2016"]
[Site "Khanty-Mansiysk RUS"]
[Date "2016.09.30"]
[Round "8.26"]
[White "Salimov, Ruslan"]
[Black "Osaka, Takuma"]
[Result "1-0"]
[WhiteElo "2026"]
[BlackElo "1888"]
[WhiteFideId "13709801"]
[BlackFideId "7002084"]
[EventDate "2016.09.22"]

1. d4 Nf6 2. c4 g6 3. Nc3 d5 4. Nf3 Bg7 5. h4 O-O 6. cxd5 Nxd5 7. h5 Bg4 8. hxg6
hxg6 9. Qb3 Nb6 10. Bf4 Bxf3 11. gxf3 Qxd4 12. e3 Qf6 13. Bd3 N8d7 14. O-O-O Nc5
15. Qc2 Nxd3+ 16. Qxd3 e5 17. Bg3 Qc6 18. e4 Na4 19. Rh2 Nxc3 20. bxc3 b5 21.
Kb2 Rab8 22. Bh4 b4 23. c4 Qa4 24. Bg5 Rb6 25. Qb3 Qa3+ 26. Kb1 a5 27. Be3 Qxb3+
28. axb3 Rd6 29. Rhh1 Rfd8 30. Rxd6 Rxd6 31. Kc2 Ra6 32. c5 Bf8 33. Ra1 Kg7 34.
Kd3 Kf6 35. Kc4 c6 36. Bd2 Be7 37. Bxb4 Bd8 38. Bc3 Ke6 39. b4 a4 40. b5 cxb5+
41. Kxb5 Ra8 42. Rxa4 Rb8+ 43. Kc4 Bc7 44. Ra6+ Kd7 45. Ra7 f6 46. Ba5 Rc8 47.
Bxc7 Rxc7 48. Rxc7+ Kxc7 49. Kd5 Kd7 50. c6+ Kc7 51. Ke6 Kxc6 52. Kxf6 Kd6 53.
Kxg6 Ke6 54. Kg5 1-0

[Event "World Youth Open U14 2016"]
[Site "Khanty-Mansiysk RUS"]
[Date "2016.09.30"]
[Round "8.27"]
[White "Essa, Naseem Ahmed"]
[Black "Neelash, Saha"]
[Result "0-1"]
[WhiteTitle "FM"]
[WhiteElo "1771"]
[BlackElo "2020"]
[WhiteFideId "14316560"]
[BlackFideId "5094160"]
[EventDate "2016.09.22"]

1. d4 e6 2. c4 f5 3. g3 Nf6 4. Bg2 d5 5. Nf3 c6 6. O-O Bd6 7. Nc3 Ne4 8. Rb1 Qe7
9. c5 Bc7 10. Bf4 b6 11. b4 Ba6 12. Bxc7 Qxc7 13. cxb6 axb6 14. Nxe4 fxe4 15.
Ne5 Bb5 16. Qc2 O-O 17. Rfc1 Qd6 18. f3 Ra4 19. Qb2 exf3 20. exf3 Nd7 21. Nxd7
Qxd7 22. a3 Rfa8 23. Ra1 Qd6 24. f4 Bc4 25. Bf1 c5 26. Bxc4 dxc4 27. Rxc4 cxb4
28. Rxb4 Qxb4 0-1

[Event "World Youth Open U14 2016"]
[Site "Khanty-Mansiysk RUS"]
[Date "2016.09.30"]
[Round "8.28"]
[White "Emanuel, Yahav"]
[Black "Sabirov, Timur"]
[Result "1-0"]
[WhiteElo "2014"]
[BlackElo "1791"]
[WhiteFideId "2814790"]
[BlackFideId "44107323"]
[EventDate "2016.09.22"]

1. e4 c5 2. Nf3 e6 3. d4 cxd4 4. Nxd4 a6 5. Nc3 Qc7 6. Be2 Nf6 7. O-O d6 8. f4
Nbd7 9. Kh1 b5 10. Bf3 Bb7 11. a3 Nb6 12. Qe1 Nfd7 13. Qg3 Be7 14. f5 e5 15.
Nde2 Bf6 16. Rd1 Nc5 17. b3 Bc6 18. Be3 O-O-O 19. Qf2 Ncd7 20. Rd2 Na8 21. Rc1
Ndb6 22. Nd5 Bxd5 23. exd5 Nd7 24. Ng3 Kb8 25. Ne4 Rc8 26. g4 Bd8 27. Be2 Qb7
28. c4 bxc4 29. bxc4 Nab6 30. f6 g6 31. g5 1-0

[Event "World Youth Open U14 2016"]
[Site "Khanty-Mansiysk RUS"]
[Date "2016.09.30"]
[Round "8.29"]
[White "Ajigulov, Nurmat"]
[Black "Dolgikh, Evgeniy"]
[Result "1/2-1/2"]
[WhiteElo "1626"]
[BlackElo "1904"]
[WhiteFideId "13801970"]
[BlackFideId "34125873"]
[EventDate "2016.09.22"]

1. d4 Nf6 2. c4 e6 3. Nc3 d5 4. Bg5 Nbd7 5. Nf3 c6 6. e3 Bb4 7. a3 Bxc3+ 8. bxc3
Qa5 9. Qb3 O-O 10. cxd5 exd5 11. Bd3 Ne4 12. Be7 Re8 13. Bb4 Qc7 14. c4 c5 15.
dxc5 Ndxc5 16. Bxc5 Nxc5 17. Qc2 Nxd3+ 18. Qxd3 dxc4 19. Qc2 g6 20. O-O Bf5 21.
Qc3 Bd3 22. Rfc1 Qd6 23. Ra2 b5 24. Rd2 a5 25. Ne1 Red8 26. Nxd3 cxd3 27. Rcd1
b4 28. Qxd3 Qxd3 29. Rxd3 Rxd3 30. Rxd3 a4 31. axb4 a3 32. Rd1 Rb8 33. g3 Rxb4
34. Rd8+ Kg7 35. Ra8 Rb1+ 36. Kg2 Ra1 37. Ra6 a2 38. Kf3 h6 39. h4 Kh7 40. Kf4
Kg7 41. Kf3 h5 42. Ra7 Rb1 43. Rxa2 Rb5 44. Kf4 Kh6 45. Ra6 Rf5+ 46. Ke4 Rxf2
47. Ra8 Kg7 48. Ra7 1/2-1/2

[Event "World Youth Open U14 2016"]
[Site "Khanty-Mansiysk RUS"]
[Date "2016.09.30"]
[Round "8.30"]
[White "Mochalin, Faddey"]
[Black "Chursin, Aleksandr"]
[Result "1-0"]
[WhiteElo "1912"]
[BlackElo "1675"]
[WhiteFideId "34147290"]
[BlackFideId "34106666"]
[EventDate "2016.09.22"]

1. d4 Nf6 2. c4 e6 3. Nc3 Bb4 4. e3 b6 5. Ne2 Bb7 6. a3 Bxc3+ 7. Nxc3 Ne4 8.
Nxe4 Bxe4 9. f3 Bb7 10. g3 f5 11. Bg2 O-O 12. O-O d6 13. b4 c5 14. Bb2 Nd7 15.
dxc5 dxc5 16. Qd6 Qe8 17. Rfd1 Rf7 18. Rd2 Rc8 19. Rad1 e5 20. e4 fxe4 21. Bh3
e3 22. Bxd7 Rxd7 23. Qxd7 exd2 24. Qxb7 a6 25. Rxd2 Qe6 26. Qe4 Re8 27. Re2 1-0